000
00254nam a2200109Ia 4500
008
190914s9999||||xx |||||||||||||| ||und||
100
_a
Gul Shahzad Sarwar
245
0
_a
Computer Studies
260
_a
Canada
_b
Pearson
_c
2003
300
_a
242
942
_c
BK
999
_c
9803
_d
9803